000 00316nam a22001337a 4500
008 171023b xxu||||| |||| 00| 0 eng d
020 _a9780471684305
041 _aeng
080 _26 ED
_a338
100 _a54
101 _aMEN
245 _aJUDGMENT MANAGERIAL DECISION MAKING
_cBAZERMAN.M.H
942 _2udc
_cBK
999 _c35339
_d35339